000 00882nam a2200277 i 4500
003 EG-GICUC
005 20260121101734.0
008 260118s1953 uk ||||fr|||| 000 0 eng d
040 _aEG-GiCUC
_beng
_cEG-GiCUC
_dEG-GiCUC
_erda
041 _aeng
082 0 4 _221
_a341.33
_bNI . E
092 0 4 _221
099 _aLaw1 11 341.33 NI . E 1953
100 1 _aNicolson, Harold.
_eAuthor.
245 1 4 _aThe Evolution Of Diplomatic Method /
_cHarold Nicolson.
264 _aLondon :
_bConstable
_c1953.
300 _a93 pages ;
_c24 cm.
_billustrations,
336 _2rda content
_atext
337 _2rda media
_aComputer
338 _2rda carrier
_aOnline Resource
546 _aText in English
650 1 4 _aDiplomatic and consular service.
_xPublic international law
856 4 0 _uhttps://fll.law.cu.edu.eg/fulltext/bks/B11-06504.pdf
905 _a75
942 _2ddc
_n0
_cBK
_e21
999 _c57407
_d57407